A cubic mile of oil : (Record no. 16391)
[ view plain ]
| 000 -LEADER | |
|---|---|
| fixed length control field | 01184cam a2200289 a 4500 |
| 001 - CONTROL NUMBER | |
| control field | 15743058 |
| 005 - DATE AND TIME OF LATEST TRANSACTION | |
| control field | 20160721115712.0 |
| 008 - FIXED-LENGTH DATA ELEMENTS--GENERAL INFORMATION | |
| fixed length control field | 090519s2010 enka b 001 0 eng |
| 010 ## - LIBRARY OF CONGRESS CONTROL NUMBER | |
| LC control number | 2009020237 |
| 020 ## - INTERNATIONAL STANDARD BOOK NUMBER | |
| International Standard Book Number | 9780195325546 (cloth : alk. paper) |
| 020 ## - INTERNATIONAL STANDARD BOOK NUMBER | |
| International Standard Book Number | 0195325540 (cloth : alk. paper) |
| 040 ## - CATALOGING SOURCE | |
| Original cataloging agency | DLC |
| Transcribing agency | DLC |
| Modifying agency | JHY |
| -- | C#P |
| -- | YDXCP |
| -- | CDX |
| -- | DLC |
| 082 00 - DEWEY DECIMAL CLASSIFICATION NUMBER | |
| Classification number | 333.79 |
| Edition number | 22 |
| Item number | CRA |
| 100 1# - MAIN ENTRY--PERSONAL NAME | |
| Personal name | Crane, Hewitt D. |
| 9 (RLIN) | 28631 |
| 245 12 - TITLE STATEMENT | |
| Title | A cubic mile of oil : |
| Remainder of title | realities and options for averting the looming global energy crisis / |
| Statement of responsibility, etc | Hewitt D. Crane, Edwin M. Kinderman, Ripudaman Malhotra. |
| 260 ## - PUBLICATION, DISTRIBUTION, ETC. (IMPRINT) | |
| Place of publication, distribution, etc | Oxford ; |
| -- | New York : |
| Name of publisher, distributor, etc | Oxford University Press, |
| Date of publication, distribution, etc | 2010. |
| 300 ## - PHYSICAL DESCRIPTION | |
| Extent | xxv, 297 p. : |
| Other physical details | ill. ; |
| Dimensions | 25 cm. |
| 504 ## - BIBLIOGRAPHY, ETC. NOTE | |
| Bibliography, etc | Includes bibliographical references and index. |
| 650 #0 - SUBJECT ADDED ENTRY--TOPICAL TERM | |
| Topical term or geographic name as entry element | Power resources. |
| 9 (RLIN) | 28632 |
| 650 #0 - SUBJECT ADDED ENTRY--TOPICAL TERM | |
| Topical term or geographic name as entry element | Petroleum reserves. |
| 9 (RLIN) | 28634 |
| 653 ## - INDEX TERM--UNCONTROLLED | |
| Resource For college | |
| -- | |
| Arrived date list | February2012 |
| 650 #0 - SUBJECT ADDED ENTRY--TOPICAL TERM | |
| 9 (RLIN) | 28633 |
| Topical term or geographic name as entry element | Energy policy |
| 700 1# - ADDED ENTRY--PERSONAL NAME | |
| Personal name | Kinderman, Edwin Max, |
| Dates associated with a name | 1916- |
| 9 (RLIN) | 28635 |
| 700 1# - ADDED ENTRY--PERSONAL NAME | |
| Personal name | Malhotra, Ripudaman. |
| 9 (RLIN) | 28636 |
| 942 ## - ADDED ENTRY ELEMENTS (KOHA) | |
| Source of classification or shelving scheme | Dewey Decimal Classification |
| Item type | Book - Borrowing |
| Withdrawn status | Item status | Source of classification or shelving scheme | Damaged status | Not for loan | Vendor | Home library | Current library | Shelving location | Date acquired | Source of acquisition | Cost, normal purchase price | Serial Enumeration / chronology | Total Checkouts | Full call number | Barcode | Date last seen | Koha item type |
|---|---|---|---|---|---|---|---|---|---|---|---|---|---|---|---|---|---|
| Dewey Decimal Classification | Central Library | Central Library | First floor | 05/02/2012 | 240.00 | 1 | 333.79 CRA | 000025993 | 15/07/2025 | Book - Borrowing |